000 01491cam a22003977a 4500
003 CHAP
005 20220329142647.0
008 020820d2002 mx ad r 00110 spa d
010 _a86131
011 _a87103
035 _a97644
040 _cCHAP
090 _aTesis
100 0 0 _aMartínez Pérez, Richard Roberto.
_972400
245 1 0 _aDiagnostico del funcionamiento de una cámara frigorífica automatizada de carnicos en la central de abastos del D. F.
_c/por Richard Roberto Martínez Pérez
260 _aChapingo, Méx. :
_bEl autor,
_c2002
300 _a84 h. :
_bilus. ; gráfs. ; cuadros ; diagrama
502 _aTesis (Ing. Agroindustrial) -- UACH. Departamento de Ingeniería Agroindustrial
590 _aALEPH
_b10
_c20130110
_lUCH01
_h1448
590 _aBATCH-UPD
_b10
_c20130110
_lUCH01
_h0116
590 _aBATCH-UPD
_b10
_c20130110
_lUCH01
_h0748
590 _aBATCH-UPD
_b10
_c20130410
_lUCH01
_h0429
590 _aBATCH-UPD
_b10
_c20130914
_lUCH01
_h0848
590 _aCONVERSION
_b10
_c20130109
_lUCH01
_h1348
650 1 4 _aCarne congelada.
_919113
650 1 4 _aCarne
_xConservación.
_919066
650 1 4 _aFrigoríficos.
_943317
650 1 4 _aRefrigeración.
_995611
650 1 4 _aRefrigeradores.
_995614
650 1 4 _aRefrigerantes.
_995615
901 _aBK
905 _aMarco A. Mendoza T.
942 _cFOLL
949 _aTesis
_bBC
_cTES
_d33724000870325
_eTS2
_fc.2
_gDonaciØn
_h39719
_i97644
_sb
949 _aTesis
_bBC
_cTES
_d976441
_eTS1
_gDonaciØn
_h39718
_i97644
_sb
999 _c86131
_d86131